Приключения капитана Врунгеля: для среднего возраста

Bibliografiset tiedot
Päätekijä: Некрасов А. С. Андрей Сергеевич
Kieli:venäjä
Julkaistu: Москва, Советская Россия, 1990
Aiheet:
Aineistotyyppi: MixedMaterials Kirja
KOHA link:https://koha.lib.tpu.ru/cgi-bin/koha/opac-detail.pl?biblionumber=155325

MARC

LEADER 00000nam0a2200000 4500
001 155325
005 20231031152307.0
010 |a 5268002562 
020 |a RU  |b 91-9064 
035 |a (RuTPU)RU\TPU\book\168497 
090 |a 155325 
100 |a 20090313d1990 d y0rusy5003 ca 
101 0 |a rus 
102 |a RU 
105 |a a z 000ay 
200 1 |a Приключения капитана Врунгеля  |e для среднего возраста  |f А. С. Некрасов 
210 |a Москва  |c Советская Россия  |d 1990 
215 |a 192 с.  |c ил.  |d 22 см 
610 1 |a детская литература 
610 1 |a повести 
610 1 |a фантастика 
675 |a Р2  |z rus 
700 1 |a Некрасов  |b А. С.  |g Андрей Сергеевич  |4 070 
801 0 |a RU  |b RuMRKP  |c 19950417  |g psbo 
801 1 |a RU  |b 63413507  |c 20090313  |g PSBO 
801 2 |a RU  |b 63413507  |c 20090313  |g PSBO 
942 |c BK